Reading in a second language : (Record no. 306696)
[ view plain ]
| 000 -LEADER | |
|---|---|
| fixed length control field | 01336cam a2200349 i 4500 |
| 001 - CONTROL NUMBER | |
| control field | 18762223 |
| 003 - CONTROL NUMBER IDENTIFIER | |
| control field | LC |
| 005 - DATE AND TIME OF LATEST TRANSACTION | |
| control field | 20170217163812.0 |
| 008 - FIXED-LENGTH DATA ELEMENTS--GENERAL INFORMATION | |
| fixed length control field | 150827s2015 enk b 001 0 eng |
| 010 ## - LIBRARY OF CONGRESS CONTROL NUMBER | |
| LC control number | 2015024839 |
| 020 ## - INTERNATIONAL STANDARD BOOK NUMBER | |
| International Standard Book Number | 9780415893923 (hardback) |
| 020 ## - INTERNATIONAL STANDARD BOOK NUMBER | |
| International Standard Book Number | 9780415893930 (pbk.) |
| 020 ## - INTERNATIONAL STANDARD BOOK NUMBER | |
| Cancelled/invalid ISBN | 9781315882741 (e-book) |
| 040 ## - CATALOGING SOURCE | |
| Original cataloging agency | DLC |
| Language of cataloging | eng |
| Transcribing agency | DLC |
| Description conventions | rda |
| Modifying agency | DLC |
| 042 ## - AUTHENTICATION CODE | |
| Authentication code | pcc |
| 050 00 - LIBRARY OF CONGRESS CALL NUMBER | |
| Classification number | LB 2395.3 |
| Item number | .R43 2016 |
| 082 00 - DEWEY DECIMAL CLASSIFICATION NUMBER | |
| Classification number | 418/.40711 |
| 245 00 - TITLE STATEMENT | |
| Title | Reading in a second language : |
| Remainder of title | cognitive and psycholinguistic issues / |
| Statement of responsibility, etc | edited by Xi Chen, Vedran Dronjic, and Rena Helms-Park. |
| 300 ## - PHYSICAL DESCRIPTION | |
| Extent | xvii, 315 pages ; |
| Dimensions | 23 cm |
| 504 ## - BIBLIOGRAPHY, ETC. NOTE | |
| Bibliography, etc | Includes bibliographical references and index. |
| 650 #0 - SUBJECT ADDED ENTRY--TOPICAL TERM | |
| Topical term or geographic name as entry element | Reading (Higher education) |
| 650 #0 - SUBJECT ADDED ENTRY--TOPICAL TERM | |
| Topical term or geographic name as entry element | Second language acquisition. |
| 650 #0 - SUBJECT ADDED ENTRY--TOPICAL TERM | |
| Topical term or geographic name as entry element | English language |
| General subdivision | Study and teaching (Higher) |
| -- | Foreign speakers. |
| 650 #0 - SUBJECT ADDED ENTRY--TOPICAL TERM | |
| Topical term or geographic name as entry element | Reading comprehension. |
| 650 #0 - SUBJECT ADDED ENTRY--TOPICAL TERM | |
| Topical term or geographic name as entry element | Psycholinguistics. |
| 700 1# - ADDED ENTRY--PERSONAL NAME | |
| Personal name | Chen, Xi, |
| Dates associated with a name | 1974- |
| Relator term | editor. |
| 700 1# - ADDED ENTRY--PERSONAL NAME | |
| Personal name | Dronjic, Vedran, |
| Relator term | editor. |
| 700 1# - ADDED ENTRY--PERSONAL NAME | |
| Personal name | Helms-Park, Rena, |
| Relator term | editor. |
| 906 ## - LOCAL DATA ELEMENT F, LDF (RLIN) | |
| a | 7 |
| b | cbc |
| c | orignew |
| d | 1 |
| e | ecip |
| f | 20 |
| g | y-gencatlg |
| 942 ## - ADDED ENTRY ELEMENTS (KOHA) | |
| Source of classification or shelving scheme | Library of Congress Classification |
| Koha item type | Books |
| Withdrawn status | Lost status | Source of classification or shelving scheme | Damaged status | Home library | Current library | Shelving location | Date acquired | Source of acquisition | Sub Shelving location | Total Checkouts | Full call number | Barcode | Date last seen | Price effective from | Koha item type |
|---|---|---|---|---|---|---|---|---|---|---|---|---|---|---|---|
| Library of Congress Classification | Luxembourg Library | Luxembourg Library | Teachers Reference Section | 02/17/2017 | Library Fund | LB 2395.3 .R43 2016 | 20401 | 02/17/2017 | 02/17/2017 | Books |